|
|
|
|
| LEADER |
01315ca a2200361 4500 |
| 001 |
000030710 |
| 003 |
4396 |
| 005 |
20240918160617.0 |
| 008 |
151001s2002 000 eng |
| 020 |
|
|
|a 9780072330632
|
| 040 |
|
|
|a lnn
|c lnn
|d lnn
|
| 082 |
0 |
0 |
|a 428.3
|b TA-J
|
| 100 |
1 |
|
|a Tanka, Judith,
|d 1950-
|
| 245 |
1 |
0 |
|a Interactions 1 :
|b listening/speaking /
|c Judith Tanka, Paul Most, Lida R. Baker.
|
| 246 |
3 |
|
|a Interactions one
|
| 250 |
|
|
|a 4th ed.
|
| 260 |
|
|
|a New York :
|b McGraw-Hill,
|c c2002.
|
| 300 |
|
|
|a xi, 270 p. :
|b ill. ;
|c 26 cm.
|
| 650 |
|
0 |
|a English language
|v Textbooks for foreign speakers.
|
| 650 |
|
0 |
|a English language
|x Spoken English
|v Problems, exercises, etc.
|
| 650 |
|
0 |
|a Oral communication
|v Problems, exercises, etc.
|
| 650 |
|
0 |
|a Listening
|v Problems, exercises, etc.
|
| 700 |
1 |
|
|a Most, Paul,
|d 1949-
|
| 700 |
1 |
|
|a Baker, Lida R.
|
| OWN |
|
|
|a LNN
|
| AVA |
|
|
|a UDN50
|b LNN
|c English
|d 428.3TA-J
|e available
|t Error 5001 Not defined in file expand_doc_bib_avail.
|f 1
|g 0
|h N
|i 0
|j AN
|k 1
|
| 999 |
|
|
|a From the UDN01
|
| AVA |
|
|
|a UDN50
|b LNN
|c English
|d 428.3TA-J
|e available
|t Error 5001 Not defined in file expand_doc_bib_avail.
|f 1
|g 0
|h N
|i 0
|j AN
|k 1
|
| TYP |
|
|
|a Printed language
|
| 980 |
|
|
|a Mạng thư viện Đại học Đà Nẵng
|